000 00630nam a2200205Ia 4500
003 GCL
008 140319s9999 xx 000 0 ara d
040 _aGCL /
_cGCL
082 0 4 _aد
_b050
100 1 _aشوقى جلال
245 1 0 _aسيكولوجية السعادة ( عالم المعرفة 175 ) /
_cشوقى جلال
700 1 _aارجايل، مايكل
700 1 _aفيصل عبدالقادر يونس
300 _a328 ص
490 _aعالم المعرفة
_v0
650 0 4 _aالعلاقات الانسانية
650 0 4 _aالسعادة
650 0 4 _aالتكيف الاجتماعى
942 _2ddc
_cBK
999 _c50315
_d50315